Statistiken für Mannschaften gegen die Chris Führich getroffen hat

Klicken Sie hier um das Quiz zu spielen!

Allgemein

  • Dieses Quiz wurde 16 mal gespielt
    (2 seit der letzten Aktualisierung)
  • Das Durchschnittsergebnis liegt bei 13 aus 20

Antwortstatistiken

ToreMannschaft% Korrekt
1Bayern München
100%
2Darmstadt 98
100%
1FSV Mainz 05
100%
2Hamburger SV
100%
1RB Leipzig
100%
1Schalke 04
100%
1TSG 1899 Hoffenheim
100%
1Borussia M'Gladbach
50%
1Eintracht Braunschweig
50%
1Erzgebirge Aue
50%
2FC Augsburg
50%
1Fortuna Düsseldorf
50%
2Greuther Fürth
50%
1Holstein Kiel
50%
1Karlsruher SC
50%
4SC Freiburg
50%
2St.Pauli
50%
1VfL Wolfsburg
50%
2Bayer Leverkusen
0%
1SC Wiedenbrück
0%

Verteilung der Resultate

Perzentil nach korrekt beantworteten Fragen

Anzahl Personen mit jedem Resultat

Ihre Resultats-Entwicklung

Sie haben dieses Quiz seit der letzten Aktualisierung nicht gespielt